000 00733nam a22002537a 4500
003 UA-OsUOA
001 121900
007 ta
008 20170404b un ||||| |||| 00| 0 ukr d
100 _aВампилов А. В.
090 _a821.161.1
_bВ16
942 _cBK
040 _aUA-OsUOA
_brus
_cUA-OsUOA
_dUA-OsUOA
245 _aЯ с вами, люди
_bрассказы, очерки, статьи, фельетоны
300 _a448 с.
955 _a3
041 _arus
080 _a821.161.1
020 _a5-268-00560-Х
591 _aДімаров А.
260 _aМ.
_bСоветская Россия
_c1988
650 7 _a82 Література. Літературознавство
_2UDC
999 _c408107
_d408107